Original Names of American Cities - Statistics

General Stats
  • This quiz has been taken 23 times
  • The average score is 8 of 16
Answer Stats
Original Name Current Name % Correct
Cleaveland Cleveland
100%
New Amsterdam New York City
95%
Great Salt Lake City Salt Lake City
95%
Fort Pontchartrain du Détroit Detroit
85%
Alburquerque Albuquerque
75%
Yerba Buena San Francisco
70%
Fort Nashborough Nashville
65%
Shawmut Boston
60%
Marthasville Atlanta
30%
Waterloo Austin
30%
Kulolia Honolulu
30%
Swilling's Mill Phoenix
25%
The Clearing Portland
25%
Jernigan Orlando
20%
Beverwyck Albany
10%
Cow Ford Jacksonville
10%
No matching quizzes found
Score Distribution
Percent of People with Each Score
Percentile by Number Answered
Your Score History
You have not taken this quiz